<?xml version="1.0" encoding="UTF-8"?>
<record
    xmlns:xsi="http://www.w3.org/2001/XMLSchema-instance"
    xsi:schemaLocation="http://www.loc.gov/MARC21/slim http://www.loc.gov/standards/marcxml/schema/MARC21slim.xsd"
    xmlns="http://www.loc.gov/MARC21/slim">

  <leader>00845nam a2200241Ia 4500</leader>
  <controlfield tag="003">IN-BaIIA</controlfield>
  <controlfield tag="008">211028s9999    xx            000 0 eng d</controlfield>
  <datafield tag="020" ind1=" " ind2=" ">
    <subfield code="a">1-56396-987-4</subfield>
  </datafield>
  <datafield tag="040" ind1=" " ind2=" ">
    <subfield code="c">IIA Library</subfield>
  </datafield>
  <datafield tag="080" ind1=" " ind2=" ">
    <subfield code="a">52</subfield>
    <subfield code="b">EXP</subfield>
  </datafield>
  <datafield tag="100" ind1=" " ind2=" ">
    <subfield code="a">Chang, H.-Y.</subfield>
    <subfield code="9">25083</subfield>
  </datafield>
  <datafield tag="111" ind1=" " ind2=" ">
    <subfield code="a">KIAS Astrophysics Workshop</subfield>
    <subfield code="n">1st</subfield>
    <subfield code="c">Seoul, Korea</subfield>
    <subfield code="d">2000 May 24-27</subfield>
    <subfield code="9">25084</subfield>
  </datafield>
  <datafield tag="245" ind1=" " ind2="0">
    <subfield code="a">Explosive phenomena in astrophysical compact objects</subfield>
    <subfield code="b">first KIAS astrophysics workshop held in Seoul, Korea, May 24-27, 2000</subfield>
    <subfield code="c">H.-Y. Chang</subfield>
  </datafield>
  <datafield tag="260" ind1=" " ind2=" ">
    <subfield code="a">Melville</subfield>
    <subfield code="b">American Institute of Physics</subfield>
    <subfield code="c">2000</subfield>
  </datafield>
  <datafield tag="300" ind1=" " ind2=" ">
    <subfield code="a">ixv, 404p.</subfield>
  </datafield>
  <datafield tag="490" ind1=" " ind2=" ">
    <subfield code="a">AIP conference proceedings; v. 556</subfield>
  </datafield>
  <datafield tag="650" ind1=" " ind2=" ">
    <subfield code="a">Astrophysics</subfield>
    <subfield code="9">794</subfield>
  </datafield>
  <datafield tag="650" ind1=" " ind2=" ">
    <subfield code="a">Black holes</subfield>
    <subfield code="9">7728</subfield>
  </datafield>
  <datafield tag="650" ind1=" " ind2=" ">
    <subfield code="a">Gamma-ray bursts</subfield>
    <subfield code="9">10403</subfield>
  </datafield>
  <datafield tag="650" ind1=" " ind2=" ">
    <subfield code="a">Magnetohdrodynamics</subfield>
    <subfield code="9">25085</subfield>
  </datafield>
  <datafield tag="650" ind1=" " ind2=" ">
    <subfield code="a">Relativistic- astrophysics</subfield>
    <subfield code="9">6801</subfield>
  </datafield>
  <datafield tag="942" ind1=" " ind2=" ">
    <subfield code="c">BK</subfield>
  </datafield>
  <datafield tag="999" ind1=" " ind2=" ">
    <subfield code="c">14215</subfield>
    <subfield code="d">14215</subfield>
  </datafield>
  <datafield tag="952" ind1=" " ind2=" ">
    <subfield code="0">0</subfield>
    <subfield code="1">0</subfield>
    <subfield code="4">0</subfield>
    <subfield code="7">0</subfield>
    <subfield code="a">BAN</subfield>
    <subfield code="b">BAN</subfield>
    <subfield code="c">GEN</subfield>
    <subfield code="d">2001-09-03</subfield>
    <subfield code="e">EDS   </subfield>
    <subfield code="g">7095.60</subfield>
    <subfield code="l">0</subfield>
    <subfield code="o">52/ EXP</subfield>
    <subfield code="p">15135</subfield>
    <subfield code="r">2021-11-05</subfield>
    <subfield code="v">7095.60</subfield>
    <subfield code="w">2001-09-03</subfield>
    <subfield code="y">BK</subfield>
    <subfield code="G">Rs. 7095.60  </subfield>
  </datafield>
</record>
